000 01889nam a2200517 i 4500
001 43261
003 KOSZ 005
005 20220201121019.0
008 030516s2002 pl a |000 0 pol
015 _aUWD 2003/9066
035 _a991020747549705066
035 _a(PL-WaBN)b15622630-48omnis_nlop
035 _ab15622630
035 _a(OCoLC)749209763
035 _azz2003827108
035 _a(PL)b0000001562263
035 _a(EXLNZ-48OMNIS_NETWORK)9910383061005606
040 _aWA N
_cWA N
_dWA N
_dKOSZ 005/HR
041 0 _apol
_beng
_bger
046 _k2002
080 _a629.33-047.43
100 1 _aGajek, Andrzej
_eAutor
245 1 0 _aModelowanie i analiza układu samochód - stanowisko bębnowe do badań i diagnostyki hamulców /
_cAndrzej Gajek.
260 _aKraków :
_bPK,
_c2002.
300 _a175 s. :
_bil. ;
_c24 cm.
336 _aTekst
_btxt
_2rdacontent
337 _aBez urządzenia pośredniczącego
_bn
_2rdamedia
338 _aWolumin
_bnc
_2rdacarrier
380 _aKsiążki
380 _aPublikacje naukowe
388 _a2001-
490 1 _aMonografia / Politechnika Krakowska im. Tadeusza Kościuszki. Mechanika
500 _aISSN i nr serii gł.: 0860-097X ; 280.
504 _aBibliogr.
546 _aStreszcz. ang., niem.
650 7 _aDiagnostyka techniczna
_2DBN
650 7 _aHamulce samochodowe
_2DBN
650 7 _aMetody badawcze
_2DBN
658 _aInżynieria i technika
710 2 _aPolitechnika Krakowska im. Tadeusza Kościuszki
_4pbl
830 0 _aMonografia - Politechnika Krakowska im. Tadeusza Kościuszki
_v280
856 _uhttp://koha.tu.koszalin.pl/cgi-bin/koha/opac-detail.pl?biblionumber=43261
_yKatalog online BPK
830 0 _aMonografia - Politechnika Krakowska im. Tadeusza Kościuszki.
_pMechanika
942 _2UKD
_cKS
999 _c43261
_d43261